Olympians From (Almost) Every Province/Territory of Canada - Statistics

General Stats
  • This quiz has been taken 8 times
  • The average score is 10 of 12
Answer Stats
Olympian Sport Province/Territory % Correct
Allain Roy Ice hockey New Brunswick
100%
Penny Oleksiak Swimming Ontario
100%
Shannon Szabados Ice hockey Alberta
83%
Kathleen Heddle Rowing British Columbia
83%
Cindy Klassen Speed skating Manitoba
83%
Sidney Crosby Ice hockey Nova Scotia
83%
Charles Hamelin Short track Quebec
83%
Kaetlyn Osmond Figure skating Newfoundland and Labrador
67%
Brendan Green Biathlon Northwest Territories
67%
Heather Moyse Bobsleigh Prince Edward Island
67%
Hayley Wickenheiser Ice hockey Saskatchewan
67%
Zachary Bell Cycling Yukon
67%
No matching quizzes found
Score Distribution
Percent of People with Each Score
Percentile by Number Answered
Your Score History
You have not taken this quiz